| 000 | 00739cam a22002411 4500 | ||
|---|---|---|---|
| 001 | 14573909 | ||
| 003 | ARRUPE | ||
| 005 | 20131107173855.0 | ||
| 008 | 060928s1958 nyu 000 0 eng | ||
| 010 | _a 58010909 | ||
| 040 |
_aDLC _cDLC _dDLC |
||
| 050 | 0 | 0 |
_aPS3505.U334 _bN5 1958 |
| 051 |
_aPS3505.U334 _bN5 1958a _cAnother issue. |
||
| 100 | 1 |
_aCummings, E. E. _q(Edward Estlin), _d1894-1962. _93506 |
|
| 245 | 1 | 0 | _a95 poems. |
| 260 |
_aNew York, _bHarcourt, Brace _c[1958] |
||
| 300 |
_a95 p. _c24 cm. |
||
| 500 | _a"First edition after printing 300 copies of limited edition." | ||
| 906 |
_a7 _bcbc _cpremver _du _encip _f19 _gy-gencatlg |
||
| 942 |
_2lcc _cMONOGRAPH |
||
| 999 |
_c118586 _d118586 |
||